[Event "Challenge"]
[Site "http://www.queenalice.com/game.php?id=1825541"]
[Date "2023.11.20"]
[Round "-"]
[White "madeira39"]
[Black "PRZ"]
[Result "1-0"]
[WhiteElo "1887"]
[BlackElo "1354"]

1. e4 c5 2. Bc4 e6 3. Nf3 a6 4. a3 b5 5. Ba2 Bb7 6. d3 Qb6 7. Be3 Nf6 8. d4 Ng4
9. dxc5 Bxc5 10. Bxc5 Qxc5 11. O-O Bxe4 12. Nc3 Bxf3 13. gxf3 Ne5 14. Ne4 Qe7
15. Nd6+ Kf8 16. Nc8 Qf6 17. Qd6+ Ke8 18. Nb6 Qg5+ 19. Kh1 Nxf3 20. Qg3 Qxg3 21.
fxg3 Nxh2 22. Kxh2 Ra7 23. Nc8 Rc7 24. Nd6+ Ke7 25. Nxf7 Rxc2+ 26. Kg1 Rxb2 27.
Nxh8 Nc6 28. Rf7+ Kd6 29. Rxg7 1-0

[Event "Let's Play Chess!"]
[Site "http://www.queenalice.com/game.php?id=1825712"]
[Date "2023.11.27"]
[Round "-"]
[White "PRZ"]
[Black "newgame"]
[Result "1-0"]
[WhiteElo "1424"]
[BlackElo "1464"]

1. g3 g6 2. Bg2 Bg7 3. d4 c6 4. c4 Bxd4 5. Qxd4 Qb6 6. Qxh8 Kf8 7. Qxh7 Qc5 8.
b3 d6 9. Bh6+ Nxh6 10. Qxh6+ Ke8 11. e3 Qe5 12. Nd2 Qxa1+ 13. Ke2 Qxa2 14. Qh8+
Kd7 15. Bh3+ e6 16. Nf3 Na6 17. Qd4 Nc5 18. Ne5+ Ke7 19. Nf3 e5 20. Qh4+ f6 21.
Qh7+ Kd8 22. Bxc8 Rxc8 23. b4 Ne4 24. Rd1 a5 25. Qxb7 a4 26. h4 a3 27. Ke1 Nxd2
28. Rxd2 Qxc4 29. Rxd6+ 1-0

[Event "Challenge"]
[Site "http://www.queenalice.com/game.php?id=1826085"]
[Date "2023.11.27"]
[Round "-"]
[White "PRZ"]
[Black "tche_elvio"]
[Result "1-0"]
[WhiteElo "1360"]
[BlackElo "1391"]

1. b3 e5 2. d4 e4 3. h4 h6 4. Bb2 d5 5. f4 exf3 6. Nxf3 Nc6 7. a3 Be6 8. e3 Bd6
9. Ne5 Nxe5 10. dxe5 Bf8 11. Qf3 Ne7 12. Nd2 Nf5 13. g4 Nxh4 14. Qh3 Be7 15.
O-O-O O-O 16. e4 Qd7 17. exd5 Bxg4 18. Qc3 Qf5 19. e6 Bf6 20. Qxc7 Bxb2+ 21.
Kxb2 Bxd1 22. Rxh4 Qxc2+ 23. Qxc2 Bxc2 24. Kxc2 Rac8+ 25. Kd3 b6 26. e7 Rfe8 27.
d6 Rc6 28. Rd4 g5 29. d7 1-0

[Event "Challenge"]
[Site "http://www.queenalice.com/game.php?id=1826355"]
[Date "2023.12.2"]
[Round "-"]
[White "PRZ"]
[Black "Ouraz99"]
[Result "0-1"]
[WhiteElo "1377"]
[BlackElo "1372"]

1. c4 Nf6 2. Nc3 c6 3. c5 Qa5 4. d4 b5 5. cxb6 axb6 6. Qb3 e6 7. e4 Bb4 8. f3 c5
9. d5 c4 10. Qxc4 O-O 11. a3 Ba6 12. Qd4 Nc6 13. dxc6 Qc5 14. Qxc5 Bxc5 15. c7
Bb7 16. b4 Bd4 17. Nge2 Be5 18. g4 Rfc8 19. g5 Ne8 20. h4 Rxc7 21. Bb2 f5 22.
Kd2 fxe4 23. fxe4 Nd6 24. Nc1 Bf4+ 25. Kd3 Ba6+ 26. Kd4 Nc4 27. Bxc4 Rxc4+ 28.
Kd3 d5 29. e5 Bxe5 30. b5 Bb7 31. N1e2 Rf8 32. Ng1 d4 33. Kxc4 dxc3 34. Bxc3
Bd5+ 35. Kb4 Bd6+ 36. Ka4 Ra8+ 37. Ba5 Rxa5# 0-1

[Event "Challenge"]
[Site "http://www.queenalice.com/game.php?id=1826356"]
[Date "2023.12.2"]
[Round "-"]
[White "crisvolei"]
[Black "PRZ"]
[Result "0-1"]
[WhiteElo "1548"]
[BlackElo "1372"]

1. e4 g6 2. Qf3 Bg7 3. Bc4 e6 4. Ne2 c5 5. d4 Nc6 6. d5 Ne5 7. Qc3 Ne7 8. Bf4 f6
9. Na3 Nxc4 10. Qxc4 b6 11. Bd6 f5 12. Nb5 O-O 13. Nc7 Bxb2 14. Rd1 Bb7 15. Nxa8
Qxa8 16. Bxe7 Rf7 17. dxe6 Rxe7 18. Rxd7 Kf8 19. O-O fxe4 20. Rfd1 Rxd7 21. Rxd7
Ke8 22. Rxh7 e3 23. Rh8+ Bxh8 24. Qg4 exf2+ 25. Kxf2 Ke7 26. Qxg6 Qf8+ 27. Kg1
Qd8 28. Qf7+ Kd6 29. e7 Qxe7 30. Qxe7+ Kxe7 31. g4 Bd5 32. a4 a6 33. Nc3 Bxc3
34. h4 Be4 35. h5 Bxc2 36. g5 c4 37. Kf1 Bd3+ 38. Kf2 Bd4+ 39. Ke1 c3 40. g6 c2
41. Kd2 Bf5 42. Kc1 Kf6 43. a5 Be3+ 44. Kb2 c1=Q+ 0-1

[Event "Challenge"]
[Site "http://www.queenalice.com/game.php?id=1826415"]
[Date "2023.12.3"]
[Round "-"]
[White "Derik_vd_Heever"]
[Black "PRZ"]
[Result "0-1"]
[WhiteElo "1394"]
[BlackElo "1469"]

1. e4 c5 2. Nc3 e6 3. Nf3 Nc6 4. g3 g5 5. d3 g4 6. Nh4 d5 7. Bg2 d4 8. Ne2 e5 9.
O-O Be7 10. c4 dxc3 11. Nxc3 Bxh4 12. gxh4 Qxh4 13. Nd5 Nce7 14. Nc7+ Kf8 15.
Nxa8 Ng6 16. f3 g3 17. h3 Nf4 18. Re1 Nxg2 19. Kxg2 Qxh3+ 20. Kg1 g2 21. Re2
Qh1+ 22. Kf2 Qxd1 23. Kxg2 Qxe2+ 24. Kg3 h5 25. Kh4 Qxf3 26. Bg5 Qg4# 0-1

[Event "Challenge"]
[Site "http://www.queenalice.com/game.php?id=1826869"]
[Date "2023.12.10"]
[Round "-"]
[White "PRZ"]
[Black "Bomboche"]
[Result "1-0"]
[WhiteElo "1361"]
[BlackElo "1233"]

1. g3 e5 2. Bg2 Nc6 3. c3 d5 4. d4 g6 5. dxe5 Nxe5 6. Bxd5 Bd6 7. e4 Nf6 8. Bg5
O-O 9. h4 Nfg4 10. Bxd8 c6 11. Bg5 cxd5 12. Qxd5 Rb8 13. Qxd6 Nc6 14. Nf3 Re8
15. e5 Ngxe5 16. Nxe5 Bg4 17. Bf4 Rbc8 18. O-O Rcd8 19. Qc5 h6 20. Nxg4 Kg7 21.
Na3 h5 22. Ne5 f6 23. Nxc6 Rd2 24. Bxd2 Re2 25. Nc4 bxc6 26. Qxa7+ Kf8 27. Bh6+
Kg8 28. Qg7# 1-0

[Event "Twist again 1"]
[Site "http://www.queenalice.com/game.php?id=1827103"]
[Date "2023.12.12"]
[Round "-"]
[White "Ouraz99"]
[Black "PRZ"]
[Result "0-1"]
[WhiteElo "1368"]
[BlackElo "1410"]

1. c4 e6 2. e4 a5 3. Nc3 Nf6 4. Bd3 e5 5. Nf3 h5 6. O-O Nc6 7. Nd5 h4 8. h3 Nxd5
9. cxd5 Nb4 10. Bc4 d6 11. a3 Na6 12. d3 Bd7 13. Bg5 Be7 14. Bxe7 Qxe7 15. d4 g5
16. Nh2 b5 17. Bd3 exd4 18. Nf3 g4 19. Nxd4 gxh3 20. Bxb5 h2+ 21. Kh1 Bxb5 22.
Nxb5 O-O-O 23. Na7+ Kb7 24. Qd4 Nc5 25. Nc6 Qg5 26. Qe3 Rdg8 27. Qh3 Nxe4 28. f4
Ng3+ 29. Kxh2 Nxf1+ 30. Kh1 Qxf4 31. Qb3+ Kc8 32. Qf3 Qh2# 0-1

[Event "Twist again 2"]
[Site "http://www.queenalice.com/game.php?id=1827105"]
[Date "2023.12.12"]
[Round "-"]
[White "PRZ"]
[Black "Ouraz99"]
[Result "1-0"]
[WhiteElo "1395"]
[BlackElo "1373"]

1. g3 Nf6 2. Bg2 e5 3. e3 Nc6 4. c3 d5 5. Nf3 Ne4 6. b4 b6 7. d4 Bd6 8. b5 Ne7
9. dxe5 Bc5 10. h4 Bg4 11. h5 O-O 12. h6 gxh6 13. a4 a6 14. Qe2 a5 15. c4 Nf5
16. Qc2 Bb4+ 17. Kf1 Nxe3+ 18. Bxe3 Nxf2 19. Kxf2 Qd7 20. Rxh6 Qf5 21. Qd1 dxc4
22. Rf6 Qh5 23. Bh6 Bxf3 24. Bxf3 Qh2+ 25. Bg2 Bc3 26. Nxc3 Rfd8 27. Qg4+ Kh8
28. Qg7# 1-0

[Event "Challenge"]
[Site "http://www.queenalice.com/game.php?id=1827279"]
[Date "2023.12.16"]
[Round "-"]
[White "PRZ"]
[Black "oldprofessor"]
[Result "0-1"]
[WhiteElo "1442"]
[BlackElo "1979"]

1. c4 Nf6 2. Nc3 e6 3. a3 b6 4. b4 Bb7 5. f3 Be7 6. e4 d5 7. e5 Nfd7 8. f4 d4 9.
Nb5 Bh4+ 10. g3 Bxh1 11. Nf3 Be7 12. Nbxd4 c5 13. Nb5 O-O 14. Qe2 cxb4 15. axb4
Bxb4 16. Qd3 Nc6 17. Ng5 g6 18. h4 a6 19. Nd6 Ndxe5 20. Qe3 Qxd6 21. fxe5 Qd4
22. Qxd4 Nxd4 23. Rb1 Bc5 24. d3 Nf3+ 25. Ke2 Nxg5 26. Bxg5 Bc6 27. Bf6 b5 28.
g4 Rfe8 29. h5 Be7 30. hxg6 Bxf6 31. exf6 hxg6 32. g5 Reb8 33. Ke3 bxc4 34. Rc1
a5 35. Rxc4 Bd5 36. Ra4 Rb4 37. Ra2 Bxa2 0-1

[Event "Challenge"]
[Site "http://www.queenalice.com/game.php?id=1827579"]
[Date "2023.12.19"]
[Round "-"]
[White "PRZ"]
[Black "Ouraz99"]
[Result "1-0"]
[WhiteElo "1442"]
[BlackElo "1384"]

1. e3 Nf6 2. g4 Nd5 3. c4 Nb4 4. d4 d5 5. c5 Bd7 6. h4 a5 7. Qb3 Bxg4 8. a3 Bf3
9. Rh3 Bg4 10. Rg3 Bf5 11. Nc3 Nd3+ 12. Bxd3 g6 13. e4 Bc8 14. Nxd5 a4 15. Qc3
e6 16. Bg5 Qd7 17. Nf6+ Ke7 18. Nxd7+ Kxd7 19. d5 h6 20. Qxh8 Ke8 21. dxe6 Bxe6
22. Bxh6 Nd7 23. Nf3 Ke7 24. Nd4 Ra5 25. Nxe6 Kxe6 26. Bxf8 b6 27. c6 Rh5 28.
Bc4+ Rd5 29. Bxd5# 1-0

[Event "Challenge"]
[Site "http://www.queenalice.com/game.php?id=1827580"]
[Date "2023.12.19"]
[Round "-"]
[White "Ouraz99"]
[Black "PRZ"]
[Result "0-1"]
[WhiteElo "1370"]
[BlackElo "1456"]

1. Nc3 e6 2. Nf3 g5 3. e4 Bg7 4. b3 c6 5. d4 d6 6. Bxg5 f6 7. Bh4 Ne7 8. Bc4 d5
9. Bd3 dxe4 10. Bxe4 f5 11. Bd3 Bxd4 12. Nxd4 Qxd4 13. Ne2 Qxh4 14. Ng3 b5 15.
Nh5 Ng6 16. Qf3 Qb4+ 17. Kf1 Ne5 18. Nf6+ Kf7 19. a3 Qc3 20. Re1 Nxf3 21. Ke2
Nxe1 22. Ne4 Qe5 23. Rxe1 Qxh2 24. Ng5+ Kg6 25. Nf3 Qh5 26. Kd2 Rd8 27. Kc3 Na6
28. Kb2 Nc5 29. Ne5+ Kg7 30. Nxc6 Rxd3 31. b4 Na4+ 32. Ka2 Rc3 33. Nd4 Qh4 34.
Nxb5 Qc4+ 35. Ka1 Rxc2 36. Kb1 Qa2# 0-1

[Event "Do my best 1"]
[Site "http://www.queenalice.com/game.php?id=1828297"]
[Date "2024.1.1"]
[Round "-"]
[White "Ouraz99"]
[Black "PRZ"]
[Result "0-1"]
[WhiteElo "1333"]
[BlackElo "1531"]

1. Nf3 d5 2. e3 c5 3. c3 c4 4. d4 Bf5 5. Nbd2 b5 6. b3 Bd3 7. Bxd3 cxd3 8. Ne5
e6 9. Qf3 f5 10. c4 Qc7 11. cxb5 Qc3 12. Rb1 a5 13. Bb2 Qb4 14. Nc6 Qxb5 15. Ne5
Nf6 16. a4 Qb4 17. Rc1 Ne4 18. O-O Qxd2 19. Rc8+ Ke7 20. Ba3+ Nd6 21. Rd1 Qa2
22. Bxd6+ Kxd6 23. Nf7+ Kd7 24. Nxh8 Kxc8 25. Rc1+ Kd7 26. Nf7 Qxb3 27. Qd1
Qxd1+ 28. Rxd1 Ke7 29. Ne5 Kf6 30. Rxd3 Na6 31. g4 Nb4 32. Rc3 Bd6 33. Nd7+ Kg5
34. f3 h5 35. gxh5 Kxh5 36. h3 g5 37. Kg2 Kh4 38. Nf6 f4 39. e4 dxe4 40. Nxe4
Be7 41. Rc7 Nd5 42. Rc6 Ne3+ 43. Kh2 Rb8 44. Rxe6 Rb2+ 45. Kg1 Bf8 46. Rh6+ Bxh6
47. Nf6 Kxh3 48. Ne4 Nf5 49. Kf1 Nxd4 50. Nf2+ Kg3 51. Ng4 Bf8 52. Ne5 Nxf3 53.
Nd3 Rd2 54. Nxf4 Rf2# 0-1

[Event "Do my best 2"]
[Site "http://www.queenalice.com/game.php?id=1828298"]
[Date "2024.1.1"]
[Round "-"]
[White "PRZ"]
[Black "Ouraz99"]
[Result "1-0"]
[WhiteElo "1507"]
[BlackElo "1314"]

1. b4 a5 2. b5 a4 3. a3 c6 4. c4 cxb5 5. cxb5 Qb6 6. Nc3 e5 7. e4 Qd4 8. Nf3 Qc5
9. h4 d6 10. Nd5 Bg4 11. b6 Ne7 12. Nc7+ Qxc7 13. bxc7 Nd7 14. Rb1 Nc5 15. d4
Nxe4 16. dxe5 dxe5 17. Nxe5 f6 18. Nc4 Bxd1 19. Kxd1 Nc3+ 20. Kc2 Ncd5 21. Rxb7
Rc8 22. Nd6+ Kd7 23. Nxc8 Nxc8 24. Bb5+ Kd6 25. Rd1 Nb6 26. Rxb6+ Kxc7 27. Rc6+
Kd7 28. Rxd5+ Ke8 29. Re6+ Kf7 30. Re8 f5 31. Rxf5+ Kg6 32. g4 h5 33. Re6+ Kh7
34. Rxh5+ Kg8 35. Rxh8+ Kxh8 36. Re8 Kg8 37. Bc4+ Kh8 38. Rxf8+ Kh7 39. g5 Kg6
40. Be2 Kh7 41. h5 g6 42. hxg6+ Kg7 43. Rf6 Kg8 44. Bb2 Kg7 45. Bc4 Kh8 46. Rf8#
1-0

[Event "Challenge"]
[Site "http://www.queenalice.com/game.php?id=1830622"]
[Date "2024.2.1"]
[Round "-"]
[White "PRZ"]
[Black "crisvolei"]
[Result "0-1"]
[WhiteElo "1522"]
[BlackElo "1510"]

1. g3 e5 2. Bg2 c6 3. e4 Qf6 4. Nf3 Bc5 5. c3 d5 6. exd5 Bg4 7. O-O cxd5 8. h3
Be6 9. b4 Bb6 10. d4 e4 11. Ne5 Nc6 12. Nxc6 bxc6 13. a4 a5 14. b5 c5 15. Be3 c4
16. g4 g5 17. f4 Qh6 18. fxg5 Qh4 19. Nd2 Qg3 20. Bf4 Qd3 21. Be5 f6 22. gxf6
Nh6 23. f7+ Nxf7 24. Rxf7 Rg8 25. Rf6 Ke7 26. Nf1 Qxc3 27. Ng3 Qe3+ 28. Kh2 Raf8
29. Rxf8 Rxf8 30. Nf1 Qf2 31. Qc1 Rf3 32. Qg5+ Ke8 33. Kh1 Bxd4 34. Bxd4 e3 35.
Qh5+ Bf7 36. Qe5+ Kd7 37. Bxe3 Qe2 38. Bxf3 Qxf3+ 39. Kg1 Qxh3 40. Qg7 Ke6 41.
Re1 Bg6 42. Bf4+ Be4 43. Ng3 Qg2# 0-1

[Event "Challenge"]
[Site "http://www.queenalice.com/game.php?id=1830623"]
[Date "2024.2.1"]
[Round "-"]
[White "crisvolei"]
[Black "PRZ"]
[Result "1-0"]
[WhiteElo "1525"]
[BlackElo "1539"]

1. e4 b6 2. Qf3 Bb7 3. Bc4 e6 4. d4 g6 5. d5 e5 6. d6 f6 7. dxc7 Qxc7 8. b3 Ne7
9. Qxf6 Rg8 10. Bxg8 Nxg8 11. Qh8 Ne7 12. Bh6 d6 13. Qxf8+ Kd7 14. Bg5 Nbc6 15.
Qf7 h5 16. Nc3 Re8 17. Nd5 Qd8 18. Nf6+ Kc8 19. Nxe8 Nd4 20. O-O-O 1-0

[Event "Challenge"]
[Site "http://www.queenalice.com/game.php?id=1837135"]
[Date "2024.5.19"]
[Round "-"]
[White "PRZ"]
[Black "dejami"]
[Result "0-1"]
[WhiteElo "1514"]
[BlackElo "1618"]

1. c3 e6 2. a4 Qf6 3. d4 g5 4. g4 c5 5. Nf3 h6 6. h4 c4 7. hxg5 hxg5 8. Rxh8
Qxh8 9. Nxg5 Qh1 10. e4 d5 11. e5 Bh6 12. Qf3 Qxf3 13. Nxf3 Bxc1 14. Ra2 Nc6 15.
a5 Nce7 16. Ng1 Nh6 17. Ne2 Bg5 18. Bh3 Ng6 19. Nd2 Nh4 20. f4 Be7 21. g5 Ng8
22. Kf2 Bd7 23. b4 cxb3 24. Rb2 Ba4 25. Kg3 Ng6 26. Nxb3 b6 27. Ra2 Bxb3 28. Ra1
Bc4 29. axb6 a6 30. Kf3 Bxe2+ 31. Kxe2 Nxf4+ 32. Kf3 Nxh3 33. Rb1 Nxg5+ 34. Ke2
Ne4 35. Kd3 Rb8 36. b7 a5 0-1

[Event "Challenge"]
[Site "http://www.queenalice.com/game.php?id=1837136"]
[Date "2024.5.19"]
[Round "-"]
[White "dejami"]
[Black "PRZ"]
[Result "0-1"]
[WhiteElo "1632"]
[BlackElo "1493"]

1. e4 c5 2. Bc4 e6 3. Nh3 h5 4. Qf3 g5 5. Qc3 Rh6 6. d4 Bg7 7. Bxg5 Bxd4 8. Qf3
Rf6 9. Qxh5 Bxb2 10. Qh8 Kf8 11. c3 Bxa1 12. Bc1 Qa5 13. Bd2 b5 14. Bd3 Qxa2 15.
Ke2 Nc6 16. Qh5 c4 17. Qc5+ Nge7 18. e5 cxd3+ 19. Kxd3 Rg6 20. g3 Qd5+ 21. Qd4
Nxd4 22. cxd4 Qxd4+ 23. Kc2 Ba6 24. Rd1 Qb2+ 25. Kd3 b4+ 26. Ke3 Nd5+ 27. Kf3
Qb3+ 28. Nc3 Bxc3 29. Bxc3 Qxd1+ 0-1

[Event "Challenge"]
[Site "http://www.queenalice.com/game.php?id=1839466"]
[Date "2024.7.1"]
[Round "-"]
[White "Mr_SPOCK"]
[Black "PRZ"]
[Result "1-0"]
[WhiteElo "1590"]
[BlackElo "1506"]

1. e4 c5 2. e5 e6 3. Bb5 a6 4. Bc4 Nc6 5. Qh5 g6 6. Qe2 Bg7 7. Nf3 b5 8. Bd3 d5
9. exd6 f5 10. c4 Qxd6 11. Nc3 Bb7 12. O-O Nf6 13. cxb5 axb5 14. Nxb5 Qb8 15.
Qxe6+ Ne7 16. Nd6+ Kd8 17. Ne5 Re8 18. Nef7+ Kc7 19. Nb5# 1-0

[Event "Challenge"]
[Site "http://www.queenalice.com/game.php?id=1840028"]
[Date "2024.7.9"]
[Round "-"]
[White "PRZ"]
[Black "Mr_SPOCK"]
[Result "1-0"]
[WhiteElo "1515"]
[BlackElo "1676"]

1. c4 e5 2. Nc3 Bb4 3. Ne4 d6 4. e3 Nf6 5. Ng5 Bg4 6. f3 Bh5 7. h4 Na6 8. g4 Bg6
9. h5 Nxh5 10. Nxf7 Bxf7 11. gxh5 Nc5 12. a3 O-O 13. axb4 Ne6 14. d4 Re8 15. d5
Ng5 16. e4 c6 17. c5 cxd5 18. exd5 dxc5 19. bxc5 b6 20. c6 Qc7 21. Bxg5 e4 22.
f4 h6 23. Bxh6 gxh6 24. Qg4+ Kf8 25. Bc4 b5 26. d6 Qxc6 27. Bxf7 Qxd6 28. Bxe8
Qb4+ 29. Kf1 Qc4+ 30. Ne2 Kxe8 31. Qg6+ Qf7 32. Qc6+ Qd7 33. Qxa8+ Ke7 34. Qxe4+
Kf7 35. Kf2 b4 36. Nd4 b3 37. Rae1 a5 38. Qg6+ Kf8 39. Ne6+ Ke7 40. Nc5+ Kd8 41.
Nxd7 a4 42. Qd6 a3 43. Nb6# 1-0

[Event "Challenge"]
[Site "http://www.queenalice.com/game.php?id=1841130"]
[Date "2024.7.29"]
[Round "-"]
[White "PRZ"]
[Black "Aquarebel"]
[Result "0-1"]
[WhiteElo "1537"]
[BlackElo "1372"]

1. d4 d5 2. c4 dxc4 3. Qa4+ c6 4. Qxc4 f6 5. g3 b5 6. Qc2 e5 7. Bg2 Qd6 8. d5 c5
9. Nc3 a6 10. e4 Qd8 11. h3 Bd6 12. Nf3 Qa5 13. O-O Qc7 14. Ne2 c4 15. a3 g5 16.
b4 Nd7 17. Bd2 Nf8 18. a4 Qb8 19. axb5 axb5 20. Rxa8 Qxa8 21. h4 h6 22. Bc3 Rh7
23. h5 Ra7 24. Nd2 Bg4 25. f3 Bxh5 26. g4 Bf7 27. Kh2 Ra4 28. Rb1 Ng6 29. Ng3
Qa7 30. Nf5 Ra6 31. Bf1 Bb8 32. Be2 Qf2+ 33. Kh3 Nf4# 0-1

[Event "Challenge"]
[Site "http://www.queenalice.com/game.php?id=1841296"]
[Date "2024.8.2"]
[Round "-"]
[White "Mr_SPOCK"]
[Black "PRZ"]
[Result "1-0"]
[WhiteElo "1682"]
[BlackElo "1502"]

1. e4 g6 2. d4 Bg7 3. e5 d5 4. Nf3 c5 5. dxc5 Qa5+ 6. c3 Qxc5 7. a3 e6 8. b4 Qc7
9. Bf4 Ne7 10. h4 a6 11. Nd4 h5 12. Bg5 Qxe5+ 13. Be2 Nbc6 14. f4 Qe4 15. Nf3 b5
16. Nbd2 Qe3 17. Rc1 Bxc3 18. Rxc3 Qxc3 19. O-O Qxa3 20. Bf6 Qe3+ 21. Rf2 Rg8
22. Ng5 Nf5 23. Qe1 Nxh4 24. Kh2 Nxb4 25. Nh3 d4 26. Rf3 Nxf3+ 27. gxf3 Nd5 28.
Be5 Nc3 29. Ng1 g5 30. Nf1 Qxe2+ 31. Nxe2 Nxe2 32. Qxe2 Bb7 33. f5 g4 34. fxg4
Rxg4 35. Bg3 Kd7 36. Qe5 h4 37. Qc7+ Ke8 38. f6 hxg3+ 39. Nxg3 Rh4+ 40. Kg1 Kf8
41. Qxb7 Re8 42. Qxa6 d3 43. Qd6+ Kg8 44. Qxd3 e5 45. Qf5 Kf8 46. Ne4 Rf4 47.
Qh7 1-0